| 000 | 00692nam a2200217 i 4500 | ||
|---|---|---|---|
| 001 | 128551 | ||
| 003 | ES-MaACL | ||
| 005 | 20250902080804.0 | ||
| 007 | t| | ||
| 008 | 070518s1964 sp ||||1| spa d | ||
| 080 | _a334.713 | ||
| 245 | 0 | 0 |
_aTambién la pequeña empresa tiene porvenir / _cA. Gutershon, G. Bergler ; [traducción y revisión José Lafuente]. |
| 260 |
_aBarcelona : _bSagitario, _c1964. |
||
| 300 |
_a200 p., 3 h. ; _c21 cm. |
||
| 650 | 1 | 7 |
_aPequeñas y medianas empresas _2embne _915925 |
| 700 | 1 |
_aGutersohn, Alfred. _961031 |
|
| 700 | 1 |
_aGünter, F. _960960 |
|
| 700 | 1 |
_aLafuente, José. _969532 |
|
| 852 |
_aES-MaACL _jC-27139 _bR.56116 |
||
| 999 |
_c128551 _d128551 |
||